Thể thao An Giang : dấu hiệu của một vùng đất năng động /

Bewaard in:
Bibliografische gegevens
Hoofdauteur: Phục Hoá.
Formaat: Artikel
Taal:Vietnamese
Onderwerpen:
Tags: Voeg label toe
Geen labels, Wees de eerste die dit record labelt!
Thư viện lưu trữ: Thư viện Trường Đại học Đà Lạt
LEADER 00710nam a2200253 4500
001 DLU090066096
005 ##20090427
040 # # |a DLU  |b vie 
041 # # |a vie 
044 # # |a vn 
100 # # |a Phục Hoá. 
245 # # |a Thể thao An Giang :  |b dấu hiệu của một vùng đất năng động /  |c Phục Hoá. 
653 # # |a An Giang 
653 # # |a Thể thao 
773 # # |t Khoa học Xã hội  |g Số 18, 1993, tr. 113-114 
920 # # |a Phòng Tạp chí -- Trung tâm Thông tin - Thư viện Trường Đại học Đà Lạt 
994 # # |a DLU 
900 # # |a True 
911 # # |a Nguyễn Thanh Hương 
925 # # |a G 
926 # # |a A 
927 # # |a BB 
980 # # |a Thư viện Trường Đại học Đà Lạt